LIBRARY ONLINE CATALOGUE

The merciful God of prophecy : (Record no. 21594)

MARC details
000 -LEADER
fixed length control field 01235cam a22003614a 4500
001 - CONTROL NUMBER
control field 12719187
003 - CONTROL NUMBER IDENTIFIER
control field OSt
005 - DATE AND TIME OF LATEST TRANSACTION
control field 20260409160541.0
008 - FIXED-LENGTH DATA ELEMENTS--GENERAL INFORMATION
fixed length control field 020326s2002 nyu 000 0 eng
010 ## - LIBRARY OF CONGRESS CONTROL NUMBER
LC control number 2002025890
020 ## - INTERNATIONAL STANDARD BOOK NUMBER
International Standard Book Number 0446530247
020 ## - INTERNATIONAL STANDARD BOOK NUMBER
International Standard Book Number 9780446530248
035 ## - SYSTEM CONTROL NUMBER
System control number 12719187
040 ## - CATALOGING SOURCE
Original cataloging agency DLC
Transcribing agency DLC
Modifying agency DLC
042 ## - AUTHENTICATION CODE
Authentication code pcc
050 00 - LIBRARY OF CONGRESS CALL NUMBER
Classification number BS649.E63
Item number L345 2002
082 00 - DEWEY DECIMAL CLASSIFICATION NUMBER
Classification number 231.7/45
Edition number 21
100 1# - MAIN ENTRY--PERSONAL NAME
Personal name LaHaye, Tim,
Dates associated with a name 1926-2016.
245 14 - TITLE STATEMENT
Title The merciful God of prophecy :
Remainder of title his loving plan for you in the end times /
Statement of responsibility, etc. Tim LaHaye.
260 ## - PUBLICATION, DISTRIBUTION, ETC. (IMPRINT)
Place of publication, distribution, etc. New York :
Name of publisher, distributor, etc. Warner Books,
Date of publication, distribution, etc. 2002.
300 ## - PHYSICAL DESCRIPTION
Extent xiv, 301 p. 24 cm.
336 ## - CONTENT TYPE
Content type term text
Content type code txt
Source rdacontent
337 ## - MEDIA TYPE
Media type term unmediated
Media type code n
Source rdamedia
338 ## - CARRIER TYPE
Carrier type term volume
Carrier type code nc
Source rdacarrier
630 00 - SUBJECT ADDED ENTRY--UNIFORM TITLE
Uniform title Bible
General subdivision Prophecies
-- End of the world.
630 00 - SUBJECT ADDED ENTRY--UNIFORM TITLE
Uniform title Bible
General subdivision Prophecies.
650 #0 - SUBJECT ADDED ENTRY--TOPICAL TERM
Topical term or geographic name as entry element End of the world
General subdivision Biblical teaching.
650 #0 - SUBJECT ADDED ENTRY--TOPICAL TERM
Topical term or geographic name as entry element God
General subdivision Mercy
-- Biblical teaching.
906 ## - LOCAL DATA ELEMENT F, LDF (RLIN)
a 7
b cbc
c orignew
d 1
e ocip
f 20
g y-gencatlg
942 ## - ADDED ENTRY ELEMENTS (KOHA)
Source of classification or shelving scheme Library of Congress Classification
Koha item type General Collection
Holdings
Withdrawn status Lost status Source of classification or shelving scheme Not for loan Home library Current library Shelving location Date acquired Source of acquisition Inventory number Total Checkouts Full call number Barcode Date last seen Copy number Price effective from Koha item type
    Library of Congress Classification   Kabarak, Main Campus Kabarak, Main Campus General Stacks 09/04/2026 Donation 2025/2942   BS649.E63 L34 2002 C.1 38891 09/04/2026 C.1 09/04/2026 General Collection